Design of equilibrium stage processes (Record no. 13251)

000 -LEADER
fixed length control field 00589nam a22002171 4500
001 - CONTROL NUMBER
control field 13251
003 - CONTROL NUMBER IDENTIFIER
control field BD-DhUET
008 - FIXED-LENGTH DATA ELEMENTS--GENERAL INFORMATION
fixed length control field 740517s1963 nyua b 000 0 eng
020 ## - INTERNATIONAL STANDARD BOOK NUMBER
International Standard Book Number 070586373
040 ## - CATALOGING SOURCE
Original cataloging agency DLC
Transcribing agency OAkU
Modifying agency BD-DhUET
082 ## - DEWEY DECIMAL CLASSIFICATION NUMBER
Classification number 660.28422
Item number SMI/1963
100 1# - MAIN ENTRY--PERSONAL NAME
Personal name Smith, Buford D.
245 10 - TITLE STATEMENT
Title Design of equilibrium stage processes
250 ## - EDITION STATEMENT
Edition statement 1st ed.
260 ## - PUBLICATION, DISTRIBUTION, ETC. (IMPRINT)
Place of publication, distribution, etc. New York
Name of publisher, distributor, etc. McGraw-Hill
Date of publication, distribution, etc. 1963
300 ## - PHYSICAL DESCRIPTION
Extent 647 p.
Other physical details ill.
Dimensions 24 cm.
490 ## - SERIES STATEMENT
Series statement McGraw-Hill chemical engineering series
504 ## - BIBLIOGRAPHY, ETC. NOTE
Bibliography, etc Includes bibliographies
650 #0 - SUBJECT ADDED ENTRY--TOPICAL TERM
Topical term or geographic name as entry element Chemical equilibrium
942 ## - ADDED ENTRY ELEMENTS (KOHA)
Koha item type General Book
Holdings
Source of classification or shelving scheme Lost status Copy number Koha date last seen Shelving location Koha full call number Koha normalized classification for sorting Sublocation or collection (holding branch) Withdrawn status Price effective from Location (home branch) Not for loan Damaged status Date acquired Piece designation (barcode) Koha item type
  12015-03-02Circulation section660.28422/SMI/1963660_284220000000000_SMI_1963Central Library, BUET 2015-03-02Central Library, BUET  2015-03-0234954General Book
  22015-03-03Circulation section660.28422/SMI/1963660_284220000000000_SMI_1963Central Library, BUET 2015-03-03Central Library, BUET  2015-03-0329845General Book
  32015-03-03Circulation section660.28422/SMI/1963660_284220000000000_SMI_1963Central Library, BUET 2015-03-03Central Library, BUET  2015-03-0329841General Book
  42015-03-03Circulation section660.28422/SMI/1963660_284220000000000_SMI_1963Central Library, BUET 2015-03-03Central Library, BUET  2015-03-0329847General Book
  52015-03-03Circulation section660.28422/SMI/1963660_284220000000000_SMI_1963Central Library, BUET 2015-03-03Central Library, BUET  2015-03-0329853General Book
  62015-03-03Circulation section660.28422/SMI/1963660_284220000000000_SMI_1963Central Library, BUET 2015-03-03Central Library, BUET  2015-03-0329843General Book
  72015-03-03Circulation section660.28422/SMI/1963660_284220000000000_SMI_1963Central Library, BUET 2015-03-03Central Library, BUET  2015-03-0329844General Book
  82015-03-03Circulation section660.28422/SMI/1963660_284220000000000_SMI_1963Central Library, BUET 2015-03-03Central Library, BUET  2015-03-0329840General Book
  92015-03-03Circulation section660.28422/SMI/1963660_284220000000000_SMI_1963Central Library, BUET 2015-03-03Central Library, BUET  2015-03-0334955General Book
  102015-05-11Circulation section660.28422/SMI/1963660_284220000000000_SMI_1963Central Library, BUET 2015-05-11Central Library, BUET  2015-05-1111477General Book
  112015-05-11Circulation section660.28422/SMI/1963660_284220000000000_SMI_1963Central Library, BUET 2015-05-11Central Library, BUET  2015-05-1129846General Book
  122015-05-11Circulation section660.28422/SMI/1963660_284220000000000_SMI_1963Central Library, BUET 2015-05-11Central Library, BUET  2015-05-1134953General Book
  132015-05-11Circulation section660.28422/SMI/1963660_284220000000000_SMI_1963Central Library, BUET 2015-05-11Central Library, BUET  2015-05-1118836General Book
  142015-05-11Circulation section660.28422/SMI/1963660_284220000000000_SMI_1963Central Library, BUET 2015-05-11Central Library, BUET  2015-05-1129854General Book
  152015-05-11Circulation section660.28422/SMI/1963660_284220000000000_SMI_1963Central Library, BUET 2015-05-11Central Library, BUET  2015-05-1129856General Book
  162015-05-19Circulation section660.28422/SMI/1963660_284220000000000_SMI_1963Central Library, BUET 2015-05-19Central Library, BUET  2015-05-1929848General Book
  172015-06-18Reading section660.28422/SMI/1963660_284220000000000_SMI_1963Central Library, BUET 2015-06-18Central Library, BUET  2015-06-186449Reading Item